• 首页
  • 本馆介绍
  • 公告通知
  • 最新文献
  • 馆藏检索
  • 电子资源
  • 读者导购
  • 参考咨询
  • 我的图书馆
  • 登录
  • 详细信息显示
  • 放入我的书架
  • 预约/预借图书
  • 作者相关作品
  • 分类相关作品
  • 丛书相关作品
  • 出版社相关作品

书目信息

  • 表格格式
  • 工作单格式
  • 卡片格式
题名:
残疾人社会融合支持体系研究
    
 
作者: 孙玉梅 著
分册:  
出版信息: 南京   南京师范大学出版社  2016.12
页数: 247页
开本: 24cm
丛书名:
单 册:
中图分类: D669.69
科图分类:
主题词: 残疾人--can ji ren--社会工作--研究--中国
电子资源:
ISBN: 978-7-5651-3068-7
000 01103nam0 2200241 450
001 0109110133
005 20201109110336.0
010    @a978-7-5651-3068-7@b精装@dCNY66.00
100    @a20181129d2016 em y0chiy50 ea
101 0  @achi
102    @aCN@b320000
105    @ay z 000yy
106    @ar
200 1  @a残疾人社会融合支持体系研究@Acan ji ren she hui rong he zhi chi ti xi yan jiu@f孙玉梅著
210    @a南京@c南京师范大学出版社@d2016.12
215    @a247页@d24cm
300    @a国家出版基金项目国家“十二五”重点图书出版规划项目国家社会科学“十二五”规划2012年度教育学青年课题:自闭症谱系障碍儿童家庭支持系统研究
330    @a本书在我国残疾人社会融合支持体系的需求调查基础上,分析我国残疾人社会融合支持体系的现状与影响因素以及存在的问题,探讨我国残疾人社会融合与支持的政策措施及实施策略,弘扬社会主义人道主义、消除社会对残疾人的各种歧视与排斥;以保障残疾人平等地参与社会生活,增进人与人之间的相互理解。
606 0  @a残疾人@Acan ji ren@x社会工作@x研究@y中国
690    @aD669.69@v5
701  0 @a孙玉梅@Asun yu mei@4著
801  0 @aCN@bBJSZM@c20201103
905    @b1267816-7@dD669.69@e260@f2
    
    残疾人社会融合支持体系研究/孙玉梅著.-南京:南京师范大学出版社,2016.12
    247页;24cm
    国家出版基金项目国家“十二五”重点图书出版规划项目国家社会科学“十二五”规划2012年度教育学青年课题:自闭症谱系障碍儿童家庭支持系统研究
    
    ISBN 978-7-5651-3068-7(精装):CNY66.00
    本书在我国残疾人社会融合支持体系的需求调查基础上,分析我国残疾人社会融合支持体系的现状与影响因素以及存在的问题,探讨我国残疾人社会融合与支持的政策措施及实施策略,弘扬社会主义人道主义、消除社会对残疾人的各种歧视与排斥;以保障残疾人平等地参与社会生活,增进人与人之间的相互理解。
●
相关链接 在E读中查询图书 在五车中查询图书 在当当中查询图书 在豆瓣中查询图书


正题名:残疾人社会融合支持体系研究     索取号:D669.69/260         预约/预借

序号 登录号 条形码 馆藏地/架位号 状态 备注
1 1267816   212678164   第一样本阅览室/ [索取号:D669.69/260] 在馆    
2 1267817   212678173   第一借阅区/ [索取号:D669.69/260] 在馆    
唐山师范学院图书馆 欢迎您!
大连网信软件有限公司© 版权所有